000
00280nam a22001217a 4500
008
181107b xxu||||| |||| 00| 0 eng d
041
_a
eng
080
_a
201
100
_a
24
101
_a
TEO
245
_a
Readings in the Philosophy of Religion
_c
Mourant, J.A
942
_2
udc
_c
BK
999
_c
52235
_d
52235